| 000 | 01086nam a2200241 i 4500 | ||
|---|---|---|---|
| 001 | 163879 | ||
| 003 | ES-MaACL | ||
| 005 | 20230906212829.0 | ||
| 008 | 931025s1745 fr ax |||| | lat d | ||
| 040 |
_aCARM _bspa _cPAB |
||
| 100 | 1 |
_aRojas Jordan de Tortosa, Hermenegildo. _9132001 |
|
| 245 | 1 | 0 |
_aD. Hermenegildi de Roxas, Jordanis de Tortosa, et Butron ... Tratatus posthumus de incompatibilitate regnorum, ac majoratum ... / _cin lucem editus, recognitus & illustratus per D. Franciscum Ximenez, del Aguila Beaumont... |
| 250 | _aNova editio. | ||
| 260 |
_aLugduni : _bsumptibus Petri Bruyset, & sociorum, _c1745. |
||
| 300 |
_a[28], 370, [62] p. ; _cFol. |
||
| 597 | _aSign.: §4, [cruz latina]4, ¯o6, A-Z6, 2A-2N6. | ||
| 597 | _aPort. a dos tintas con grab. xil. : "Papillon f." | ||
| 597 | _aAntep. | ||
| 650 | 4 |
_aReyes y soberanos- _xSucesión. _9155183 |
|
| 700 | 1 |
_aJimenez del Aguila Beaumont, Francisco. _9128306 |
|
| 740 | 0 | 1 | _aTractatus posthumus de incompatibilitate regnorum, ac majoratuum. |
| 852 |
_aES-MaACL _jR-1550(1) _z-- Enc. perg. _x Olim: G-2980 |
||
| 999 |
_c163879 _d163879 |
||